Welcome to the Holygrace Academy Library

Please use search bar below to get started

NEW SIMPLIFIED PHYSICS (Record no. 660)

MARC details
000 -LEADER
fixed length control field 00259nam a22001097a 4500
082 ## - DEWEY DECIMAL CLASSIFICATION NUMBER
Classification number 530
Item number ARO/N
100 ## - MAIN ENTRY--AUTHOR NAME
Personal name S.L.ARORA
245 ## - TITLE STATEMENT
Title NEW SIMPLIFIED PHYSICS
Remainder of title CLASS XII
260 ## - PUBLICATION, DISTRIBUTION, ETC. (IMPRINT)
Place of publication DELHI
Name of publisher DHANPAT RAI & CO
650 ## - SUBJECT ADDED ENTRY--TOPICAL TERM
Topical Term PHYSICS FOR CLASS XII
Geographic subdivision INDIA
942 ## - ADDED ENTRY ELEMENTS (KOHA)
Koha item type Books
Holdings
Withdrawn status Lost status Collection code Home library Current library Shelving location Date acquired Source of acquisition Cost, normal purchase price Full call number Accession Number Koha item type
    Reference Main Library Main Library SHELF-9 A XII PHYSICS 21/03/2014 purchase 750.00 530 ARO/N 08801 Books